000 00349nam a2200121Ia 4500
008 250110s9999 xx 000 0 und d
041 _aeng
100 _aHingne Neeraja
245 _aInstitute Of Tourism And Hotel Management : Goa
260 _bFinal Year B. Arch, BNCA
_c2011
300 _a144p
700 _aGuide Name:Sahstrabuddhe Chetan
_9209859
999 _c363049
_d363049